000
00305nam a22001097a 4500
008
160423b xxu||||| |||| 00| 0 eng d
020
_a
0314034250
041
_a
eng
080
_a
612.39
245
1
0
_a
Nutrition concepts and controversies:
_c
Frances Sizer; Eleanor Whitney;Lori Waite Turner;
942
_2
udc
_c
BK
999
_c
1555
_d
1555